| 000 | 00639nam a2200205 a 4500 | ||
|---|---|---|---|
| 005 | 20231128063601.0 | ||
| 008 | 060530s2004 ag r 000 0 spa d | ||
| 020 | _a9870004091 | ||
| 035 | _aUPN01000144876 | ||
| 049 | _aCG | ||
| 050 | 4 |
_aHQ117 _bH5.3 |
|
| 100 | 1 | _aHill Acosta y Lara, Ricardo | |
| 245 | 1 | 3 |
_aEl cuerpo como empresa : _blos sexi-servidores : una mirada desde lo social / _cRicardo Hill Acosta y Lara. |
| 260 |
_aBuenos Aires : _bLumen, _c2004. |
||
| 300 | _a143 p. | ||
| 440 | 0 | _aNuevos paradigmas : lo social tal cual | |
| 650 | 4 |
_aPROSTITUCION MASCULINA _99650 |
|
| 650 | 2 |
_aConducta sexual _96807 |
|
| 905 | _aLibro | ||
| 999 |
_c117023 _d117023 |
||